banner koha

Tecnologia e produtividade agricola - um estudo de caso: a cultura do milho em Sao Paulo [Zea mays; Pratica cultural; Preco; Custo de producao; Custo operacional; Brasil] (Registro n. 273755)

MARC details
000 -LÍDER
campo de controle de tamanho fixo 01471nac a22003737a 4500
001 - NÚMERO DE CONTROLE
campo de controle BR8200651
003 - IDENTIFICADOR DO NÚMERO DE CONTROLE
campo de controle BR-BrBNA
005 - DATA E HORÁRIO DA ÚLTIMA TRANSAÇÃO
campo de controle 20240105115226.0
008 - CAMPO DE DADOS FIXOS--INFORMAÇÃO GERAL
campo de controle de tamanho fixo 230509b bl.|||m| |||| 00| 0 por d
040 ## - FONTE DA CATALOGAÇÃO
Instituição da catalogação original BR-BrBNA
Idioma da catalogação por
Instituição que transcreveu o registro Biblioteca Nacional de Agricultura
072 ## - CÓDIGO DE CATEGORIA DE ASSUNTO
Código de Categoria de Assunto E15; F00; E70
090 ## - NÚMERO DE CHAMADA LOCAL
Número de chamada 0120 BR8200651
100 1# - ENTRADA PRINCIPAL--NOME PESSOAL
Nome pessoal Carvalho, L.C.P. de
110 1# - ENTRADA PRINCIPAL--NOME CORPORATIVO
Nome corporativo ou nome da jurisdição Universidade de Sao Paulo, Sao Paulo (Brasil). Inst. de Pesquisas Economicas
9 (RLIN) 10549
245 1# - TÍTULO
Título Tecnologia e produtividade agricola - um estudo de caso: a cultura do milho em Sao Paulo [Zea mays; Pratica cultural; Preco; Custo de producao; Custo operacional; Brasil]
246 1# - FORMA VARIANTE DO TÍTULO
Título/título abreviado [Farm technology and productiveness - a case study: maize crop in Sao Paulo [Zea mays; Cultural practice; Price; Production cost; Operational cost; Brazil]]
260 3# - PUBLICAÇÃO, DISTRIBUIÇÃO, ETC.
Local de publicação, distribuição, etc. Sao Paulo, SP (Brasil):
Data da publicação, distribuição, etc. 1981.
300 ## - DESCRIÇÃO FÍSICA
Extensão 125 p.
490 ## - TÍTULO DA SÉRIE
Título da série Ensaios Economicos - Universidade de Sao Paulo. Inst. de Pesquisas Economicas (Brazil)
Número do volume ou designação sequencial da série v. 9
ISSN - International Standard Serial Number
500 ## - NOTA GERAL
Nota geral 14 illus.; 21 tables; Bibliography p. 121-125 (61 ref.)
650 ## - ASSUNTO--TERMO TÓPICO
Cabeçalho tópico ou nome geográfico Microeconomia
650 ## - ASSUNTO--TERMO TÓPICO
Cabeçalho tópico ou nome geográfico Producao vegetal
650 ## - ASSUNTO--TERMO TÓPICO
Cabeçalho tópico ou nome geográfico Comercializacao
650 ## - ASSUNTO--TERMO TÓPICO
Cabeçalho tópico ou nome geográfico Milho
650 ## - ASSUNTO--TERMO TÓPICO
Cabeçalho tópico ou nome geográfico Pratica cultural
650 ## - ASSUNTO--TERMO TÓPICO
Cabeçalho tópico ou nome geográfico Preco
650 ## - ASSUNTO--TERMO TÓPICO
Cabeçalho tópico ou nome geográfico Tecnologia agricola
650 ## - ASSUNTO--TERMO TÓPICO
Cabeçalho tópico ou nome geográfico Produtividade
650 ## - ASSUNTO--TERMO TÓPICO
Cabeçalho tópico ou nome geográfico Custo de producao
650 ## - ASSUNTO--TERMO TÓPICO
Cabeçalho tópico ou nome geográfico Custo operacional
650 ## - ASSUNTO--TERMO TÓPICO
Cabeçalho tópico ou nome geográfico Sao Paulo
909 ## -
-- 202312
-- Lúcia Elande
-- 55
-- Lúcia Elande
942 ## - ELEMENTOS DE ENTRADA ADICIONADOS (KOHA)
Fonte da classificação ou esquema de arquivamento na estante Classificação AGRIS
Ocultar no OPAC Não
Tipo de material Koha Monografia Seriada
Exemplares
Situação do descarte Fonte da classificação ou esquema de arquivamento na estante Situação física Não pode ser emprestado Coleção Biblioteca de origem Biblioteca atual Localização na estante Total de empréstimos Número de telefone completo Código de barras Data de último acesso Tipo de material Koha Fonte de aquisição
  Classificação AGRIS       Biblioteca Nacional de Agricultura - Binagri Biblioteca Nacional de Agricultura - Binagri Agrobase - Acervo Geral   0120 BR8200651 0120 BR8200651 18/12/2023 Monografia Seriada Portaria Interministerial nº 164/94

BINAGRI

Telefone: (61)3218-2567/2388/3357/2097 - binagri@agro.gov.br

Ministério da Agricultura e Pecuária , Esplanada dos Ministérios, Bloco D, Anexo B, Brasília/DF, CEP: 70.043-900